000 00227nam a22001097a 4500
082 _a494
_bOM/B
245 _aBHAGATH SINGH
260 _aUTTARPRADESH
_bOM KIDZ
300 _a80
650 _aHINDI STORY
_zUTTARPRADESH
942 _cBK
999 _c4847
_d4847